Регионална библиотека "Любен Каравелов" - Русе

100 години месопромишленост в Русе (Запис номер 447288)

MARC детайли
000 -Лидер
Контролно поле с фиксирана дължина 01222nam a2200301 c 4500
003 - Код на организацията, давaща контролен номер
Контролно поле BLK
005 - Дата и час на последна редакция
Контролно поле 20240422131017.0
008 - Елементи от данни с фиксирана дължина
fixed length control field 180411b bul|||||r ||||||| ||bul||
040 ## - Източник на каталожния запис
Идентификатор на билиотеката - собственик на записа BLK
041 ## - Код за език
Код за езика на текст/звукозапис или на отделно заглавие Български
Код за езика КДБФ Български
080 ## - УДК
Текстов определител УДК Месо и месни продукти (хранителни) (Вж и 664. 9 ; 637. 51)
УДК код - определител по УДК 637.5
УДК определител (497.215)(062)
УДК - код + определител 637.5(497.215)(062)
100 ## - Редна дума - Автор
Автор Недков, Александър Георгиев
Дати, свързани с автора 1946-
R(LIN) 304267
139 ## - Редно поле
Редна дума Недков, Александър Георгиев и др.
Авторски знак Недк - Н 45
245 10 - Сведения за заглавието
Заглавие 100 години месопромишленост в Русе
Подзаглавни данни 1886 - 1986
Редно поле (дума) Александър Недков, Боян Драганов
Физически носител (вид на носителя) [Малотир. изд.]
257 ## - Страна на издаване
Страна на създаване/издаване България
260 ## - Област на издателските данни
Име на издателя, разпространителя и проч. ДСО Родопа
Година на издаване 1986
9 (RLIN) 424764
Място на издаване, разпространение и проч. Русе
300 ## - Физическа характеристика
Страници 108 с.
Размери/Мащаб 21 см
380 ## - Жанр
Жанр Селско стопанство
653 #7 - Ключова дума – ненормативна
9 (RLIN) 190864
Ключова дума месна промишленост
653 #0 - Ключова дума – ненормативна
9 (RLIN) 467704
Ключова дума месопреработване
700 1# - Други автори (авторска отговорност)
Лично име Драганов, Боян Димитров
Автороска отговорност (Описва отношението между автора и произведението) съавт.
9 (RLIN) 64945
852 ## - Местоположение
Фондова буква Краезнание
Систематично-азбучна сигнатура К 63/Н 45
856 4# - Електронен адрес и достъп
Електронен формат pdf - файл
856 4# - Електронен адрес и достъп
Електронен формат pdf - файл
999 ## - СИСТЕМНИ КОНТРОЛНИ НОМЕРА
Koha biblionumber 447288
Koha biblioitemnumber 447288
942 ## - АРТИКУЛИ
Вид на библиотечния материал Книги
Скрит в OPAC Не
Периодичен библиозапис Да
Koha issues (borrowed), all copies 2
944 ## - СЪЗДАВАНЕ И РЕДАКЦИЯ на ЗАПИСА
Създаване/Редакция Създаване
Дата на регистрацията/редакция 2022-03-07
Служител, извършил регистрацията/редакцията 30560
Статус, дата на статуса Геновева Генчева
999 ## - СИСТЕМНИ КОНТРОЛНИ НОМЕРА
Koha biblioitemnumber 447288
Наличности
Код за отписване Код за изгубен артикул Източник на класификационната схема Код за повреда Коз за рестрикции Код за отдаване Артикулен № Име на библиотеката - собственик Име на библиотеката, в която се намира в момента Статус (Текущо местоположение) Дата на вписване в системата Местоположение - отдел Цена в лева Систематично азбучна сигнатура Баркод Цена в евро Служебен тип на артикула
  Не е изгубен Universal Decimal Classification Не е повреден само за читалня ползва се в читалня 875036 Регионална библиотека "Любен Каравелов" Русе Регионална библиотека "Любен Каравелов" Русе Краезнание 2022-03-14 Краезнание 2.00 К 63/Н 45 120000867948 1.02 Книги
Vip Innovations Ltd, Rousse, Bulgaria 2025